[Event "Igualada op 15th"]
[Site "Igualada"]
[Date "2020.02.15"]
[Round "6"]
[White "Olle Baeza, Pere"]
[Black "Martinez Ferrer, Albert"]
[Result "1-0"]
[WhiteElo "1803"]
[BlackElo "1672"]
[PlyCount "61"]
[EventDate "2020.01.11"]
[EventType "swiss"]
[EventRounds "8"]
[EventCountry "ESP"]
[SourceTitle "CBM 195 Extra"]
[Source "ChessBase"]
[SourceDate "2020.05.31"]
[SourceVersion "1"]
[SourceVersionDate "2020.05.31"]
[SourceQuality "1"]

1. e4 e6 2. d3 d5 3. Nd2 Nf6 4. Ngf3 c5 5. g3 Nc6 6. Bg2 Bd6 7. 0-0 d4 8. Nc4 e5 9. Bd2 Be7 10. Ncxe5 Nxe5 11. Nxe5 Bd6 12. Nc4 Bc7 13. Re1 0-0 14. e5 Ne8 15. Qh5 g6 16. Qh6 Be6 17. Bg5 Qc8 18. Be7 Ng7 19. Bxf8 Qxf8 20. Re2 Kh8 21. Nd2 Qc8 22. Ne4 Bd8 23. Nf6 Bxf6 24. exf6 Nf5 25. Qf4 Qf8 26. Rae1 Re8 27. Bd5 Bd7 28. Rxe8 Bxe8 29. g4 Nd6 30. Qxd6 Bb5 31. Qxf8# 1-0

[Event "Igualada op 15th"]
[Site "Igualada"]
[Date "2020.01.25"]
[Round "3"]
[White "Pinyol I Llora, Julia"]
[Black "Olle Baeza, Pere"]
[Result "1/2-1/2"]
[WhiteElo "1631"]
[BlackElo "1803"]
[PlyCount "45"]
[EventDate "2020.01.11"]
[EventType "swiss"]
[EventRounds "8"]
[EventCountry "ESP"]
[SourceTitle "CBM 195 Extra"]
[Source "ChessBase"]
[SourceDate "2020.05.31"]
[SourceVersion "1"]
[SourceVersionDate "2020.05.31"]
[SourceQuality "1"]

1. d4 Nf6 2. c4 c5 3. d5 b5 4. cxb5 a6 5. b6 Qxb6 6. Nc3 d6 7. e4 g6 8. Nf3 Bg7 9. Bd3 Nbd7 10. 0-0 Ng4 11. Bc2 0-0 12. h3 Nge5 13. Nd2 Nf6 14. f4 Ned7 15. Nc4 Qc7 16. Na4 Rb8 17. Bd2 Nh5 18. Ba5 Qa7 19. Kh2 Rb5 20. Bd2 Qb8 21. Bb3 Nhf6 22. Nc3 Rb4 23. Na4 1/2-1/2

[Event "Igualada op 14th"]
[Site "Igualada"]
[Date "2019.02.16"]
[Round "6"]
[White "Pla Carulla, Joaquim"]
[Black "Olle Baeza, Pere"]
[Result "0-1"]
[WhiteElo "1843"]
[BlackElo "1816"]
[PlyCount "82"]
[EventDate "2019.01.12"]
[EventType "swiss"]
[EventRounds "8"]
[EventCountry "ESP"]
[SourceTitle "CBM 189 Extra"]
[Source "ChessBase"]
[SourceDate "2019.06.03"]
[SourceVersion "1"]
[SourceVersionDate "2019.06.03"]
[SourceQuality "1"]

1. c4 Nf6 2. g3 g6 3. Bg2 Bg7 4. Nc3 c6 5. e4 d6 6. d4 0-0 7. Nge2 Bg4 8. h3 Bd7 9. 0-0 Na6 10. Be3 Nc7 11. Qd2 e5 12. Rad1 exd4 13. Nxd4 Ne6 14. Nde2 Qc8 15. Qxd6 Rd8 16. Qd2 Nf8 17. Qc2 Re8 18. Kh2 Qc7 19. Rd2 Rad8 20. Rfd1 Ra8 21. f4 Be6 22. b3 Qa5 23. Nd4 Qh5 24. Nxe6 Ng4+ 25. Kh1 Nxe3 26. Nxg7 Kxg7 27. Qb2 Nxd1 28. Nxd1+ Kg8 29. Ne3 Rad8 30. Rf2 Qc5 31. Ng4 Rd1+ 32. Kh2 Nd7 33. Bf3 Rd3 34. Nh6+ Kf8 35. b4 Qd4 36. Qc2 Rd8 37. e5 Nb6 38. Bg2 Rd2 39. Rxd2 Qxd2 40. Qb1 Rd3 41. Ng4 Nxc4 0-1